000 01354nam0a22003251 4500
001 rc\3452476
005 20260406123756.0
021 _aRU
_bРг9174-69
035 _a(NLR Aleph) 007881775
090 _a7922376
_c7922376
100 _a20130115d1969 |||y0rusy50 ca
101 0 _arus
102 _aRU
105 _aa z |||||
200 1 _aОранжерейно-парниковое хозяйство машиностроительного завода
_fГипроНИИАВИАПРОМ. Техн. отд.
210 _aМосква
_cБ. и.
_d1969
215 _a155 с.
_cил.
_d25х32
300 _aНа с. 8: подгот.: Оборина Р.В., архит., Сахарчук М.Ф., инж.; Косицына Н.В., техн.; Штромберг Е.В., техн.
309 _aОтпеч. множит. аппаратом
320 _aБиблиогр.: с. 153-155
702 1 _aСахарчук
_bМ.Ф.
_4570
702 1 _aКосицына
_bН.В.
_4570
702 1 _aОборина
_bР.В.
_4570
702 1 _aШтромберг
_bЕ.В.
_4570
712 0 2 _aПроектно-конструкторский и НИИ авиационной промышленности
_cМосква
_3RU\NLR\AUTH\8816635
_9306491
801 0 _aRU
_bNLR
_gpsbo
801 1 _aRU
_bELAR
_2rusmarc
852 _aNLR
_j69-9/209
942 _cBOOK
980 _aNB